000 00684nam a2200253Ia 4500
003 OSt
005 20221005101829.0
006 a|||||r|||| 00| 0
007 ta
008 221004b |||||||| |||| 00| 0 eng d
024 _a20519
037 _cTextual
040 _aCRL
_cCRL
_beng
041 _2eng
_aeng
082 _aV4:f, N2
110 _aUNESCO
245 0 _aAsian research trends
_b A humanities and social science review. ed by Ishii Yoneo
260 _aUNESCO
_bThe Centre for East Asian Cultural Studies UNESCO
_c1992
300 _a232p.
_ccm.
650 _aHISTORY
700 _aUNESCO
942 _hV4:f, N2
_cTEXL
_2cc
999 _c1007473
_d1007473